|
|
|
|
| LEADER |
00000nab a2200000 a 4500 |
| 001 |
vtls001000721 |
| 003 |
SK-MaSNL |
| 005 |
20260303041107.0 |
| 008 |
040720e19951205xo 0 slo |
| 035 |
|
|
|a RV1321
|
| 040 |
|
|
|a RVGKPD
|b slo
|c RVGKPD
|e AACR2
|
| 041 |
0 |
|
|a slo
|
| 044 |
|
|
|a xo
|c SK
|
| 080 |
|
|
|a 352.075.2
|2 1981
|
| 100 |
0 |
|
|a -(kay)-
|4 aut
|9 1025856
|
| 245 |
1 |
0 |
|a Mesto porušovalo zákon pri verejných súťažiach
|
| 610 |
1 |
7 |
|a Rožňava (Slovensko).
|b Mestské zastupiteľstvo
|2 RVGKPD
|9 58429
|
| 650 |
0 |
7 |
|a verejné obstarávanie
|2 RVGKPD
|9 4221
|
| 651 |
|
7 |
|a Rožňava (Slovensko)
|2 RVGKPD
|9 17394
|
| 773 |
0 |
8 |
|t Zora Gemera
|g Roč. 44, č.49, 5.12.1995, s. 3
|
| 852 |
|
|
|a ZVYKNI
|b KIS3GCP
|
| 999 |
|
|
|c 1685181
|d 1687111
|